City Shape Quiz 1 - Statistics

General Stats
  • This quiz has been taken 244 times
  • The average score is 5 of 12
Answer Stats
Picture Answer % Correct
New York City
86%
Istanbul
66%
Singapore
60%
Hong Kong
59%
Chicago
50%
(Greater) London
45%
Paris
39%
Tokyo
32%
Shanghai
21%
Beijing
13%
Mumbai
10%
Rio de Janeiro
6%
No matching quizzes found
Score Distribution
Percent of People with Each Score
Percentile by Number Answered
Your Score History
You have not taken this quiz